[Event "POL-chT U20 2nd League"]
[Site "Szczyrk"]
[Date "2017.07.25"]
[Round "5.47"]
[White "Polak, Agnieszka"]
[Black "Bakalarczyk, Zuzanna"]
[Result "1-0"]
[WhiteElo "1020"]
[BlackElo "1363"]
[PlyCount "119"]
[EventDate "2017.07.22"]
[EventType "team-swiss"]
[EventRounds "11"]
[EventCountry "POL"]
[SourceTitle "EXT 2019"]
[Source "ChessBase"]
[SourceDate "2018.10.10"]
[SourceVersion "1"]
[SourceVersionDate "2018.10.10"]
[SourceQuality "1"]

1. d4 c5 2. c3 cxd4 3. cxd4 d5 4. Nf3 Nc6 5. e3 g6 6. Be2 Bg7 7. 0-0 Nh6 8. Nbd2 0-0 9. Nb3 f6 10. Bd2 Nf7 11. Rc1 Bf5 12. Re1 Rc8 13. Bf1 Bg4 14. h3 Bf5 15. Nh4 Nd6 16. Nxf5 Nxf5 17. Nc5 Kf7 18. Nxb7 Qb6 19. Nc5 Qxb2 20. a4 Rfd8 21. Rb1 Qa3 22. Ra1 Qb2 23. Rb1 Qa3 24. Bc1 Qa2 25. Rb2 Qa1 26. Ree2 Rb8 27. Ra2 Qb1 28. Reb2 Rxb2 29. Rxb2 Qa1 30. Na6 Qa3 31. Nc5 Qa1 32. Rb3 Rb8 33. Ra3 Qb1 34. Bd3 Qb4 35. Na6 Qd6 36. Nxb8 Qxb8 37. Qb3 Qd6 38. Ra1 Nh4 39. Bb2 Bh6 40. e4 Kg7 41. Qxd5 Qxd5 42. exd5 Nb4 43. Bc4 Nf5 44. Bc3 Nc2 45. Rd1 Nd6 46. Bd3 Na3 47. Bb4 Nac4 48. Bxc4 Nxc4 49. Bxe7 Kf7 50. Bc5 Nb2 51. Ra1 a5 52. Ra2 Bc1 53. Ba3 Nd3 54. Bxc1 Nxc1 55. Rc2 Nb3 56. Re2 Nxd4 57. Re1 Nf5 58. g4 Nd6 59. Rc1 Ke7 60. Rc5 1-0